|
|
|
|
| LEADER |
00000nab a2200000 a 4500 |
| 001 |
vtls000509687 |
| 003 |
SK-MaSNL |
| 005 |
20260304175327.0 |
| 008 |
250425c1994 xo 0 slo |
| 015 |
|
|
|a SNBRB19rr/mm-uuuuu
|
| 035 |
|
|
|a CL0509825
|
| 035 |
|
|
|a urn:nbn:sk:snk-ab6md3
|
| 035 |
|
|
|a (uuid)e9327c29-02cb-4827-a994-a0716ac5e397
|
| 035 |
|
|
|a (urnnbn)urn:nbn:sk:snk:ar-005he0
|
| 035 |
|
|
|a (sysno)vtls000509687
|
| 040 |
|
|
|a SNKBUCL
|b slo
|c SNKBUCL
|e AACR2
|
| 041 |
0 |
|
|a slo
|
| 044 |
|
|
|a xo
|c SK
|
| 080 |
|
|
|a 616.379-008.64:616.15:546.23
|2 1981
|
| 080 |
|
|
|a 616.15
|2 1981
|
| 080 |
|
|
|a 546.23
|2 1981
|
| 080 |
|
|
|a 617.735
|2 1981
|
| 245 |
0 |
0 |
|a Hladiny Se v sére u chorých s diabetes mellitus a retinopatiou
|c D. Adamečková, M. Hegyiová, J. Gratzlová, Ladislav Hegyi
|
| 300 |
|
|
|b Tab. 3, res. angl., nem., slov., lit. 13 zázn. v angl.
|
| 650 |
0 |
7 |
|a diabetes mellitus
|2 snkbucl
|9 72741
|
| 650 |
0 |
7 |
|a retinopatia
|2 snkbucl
|9 113722
|
| 650 |
0 |
7 |
|a selén
|2 snkbucl
|9 14981
|
| 655 |
|
7 |
|a články z novín a časopisov
|2 snkbucl
|9 267496
|
| 700 |
1 |
|
|a Adamečková, D.
|4 aut
|9 1368638
|
| 700 |
1 |
|
|a Hegyiová, M.
|4 aut
|9 1395069
|
| 700 |
1 |
|
|a Gratzlová, J.
|4 aut
|9 1116381
|
| 700 |
1 |
|
|a Hegyi, Ladislav,
|d 1939-2016
|4 aut
|9 197889
|
| 773 |
0 |
|
|t Lekársky obzor
|g Roč. 43, č. 2 (1994), s. 71-76
|
| 850 |
|
|
|a Slovenská národná knižnica
|
| 852 |
|
|
|a Slovenská národná knižnica
|
| 954 |
|
|
|a odborná, vedecká literatúra pôvodná (slovenská)
|2 lita
|
| 958 |
|
|
|a article2022
|
| 958 |
|
|
|a OND
|
| 958 |
|
|
|a NB
|
| 958 |
|
|
|a RK
|
| 958 |
|
|
|a MI
|
| 958 |
|
|
|a EUIPO
|
| 992 |
|
|
|a RBX
|
| 999 |
|
|
|c 3013021
|d 3014951
|